[Event "Titled Tue 3rd Jun Early"]
[Site "chess.com INT"]
[Date "2025.06.03"]
[Round "7"]
[White "Viskelis, Darius"]
[Black "Matskevich, Varvara"]
[Result "1-0"]
[WhiteTitle "FM"]
[BlackTitle "WFM"]
[WhiteElo "2165"]
[BlackElo "1988"]
[WhiteFideId "12800830"]
[BlackFideId "13523465"]
[EventDate "2025.06.03"]

1. e4 c5 2. Nf3 d6 3. Bb5+ Nd7 4. c3 e5 5. O-O Ne7 6. d4 Ng6 7. a4 Be7 8. Na3
O-O 9. dxe5 dxe5 10. Nc4 Bf6 11. Ne3 a6 12. Bc4 Nb6 13. Bb3 a5 14. Nd5 Nxd5 15.
Bxd5 Qe7 16. Be3 Rd8 17. Qb3 Ra6 18. Rfd1 Rf8 19. h3 b6 20. Qc4 Ra7 21. Rd2 Qc7
22. Bg5 Ba6 23. Qb3 Bxg5 24. Nxg5 c4 25. Qd1 Qc5 26. Qh5 h6 27. Nxf7 Raxf7 28.
Qxg6 Bb7 29. Bxf7+ Rxf7 30. Rd8+ Rf8 31. Rxf8+ Qxf8 32. Rd1 Ba8 33. Qe6+ Kh8 34.
Qf5 Qxf5 35. exf5 Kh7 36. Rd6 Be4 37. g4 Bc2 38. Rxb6 Bxa4 39. Ra6 Bb3 40. Rxa5
e4 41. Rd5 Bc2 42. Rd4 Bd3 43. Kg2 Kg8 44. Kg3 Kf7 45. Kf4 Kf6 46. Rxe4 Bxe4 47.
Kxe4 g5 48. fxg6 Kxg6 49. f4 1-0

[Event "Titled Tue 3rd Jun Early"]
[Site "chess.com INT"]
[Date "2025.06.03"]
[Round "7"]
[White "Novikova, Marharyta"]
[Black "Porozhnyak, Maya"]
[Result "0-1"]
[WhiteTitle "WCM"]
[BlackTitle "WCM"]
[WhiteElo "1969"]
[BlackElo "1974"]
[WhiteFideId "14109689"]
[BlackFideId "34115843"]
[EventDate "2025.06.03"]

1. e4 c5 2. Nc3 e6 3. d3 a6 4. g3 b5 5. Bg2 Bb7 6. Nge2 Qc7 7. O-O d6 8. d4 cxd4
9. Nxd4 Nf6 10. Bg5 Be7 11. Bxf6 gxf6 12. a3 h5 13. h4 Nd7 14. Qd2 Ne5 15. b3
Rc8 16. Nce2 Bf8 17. f4 Bh6 18. Rac1 Qc5 19. Qa5 Ng4 20. Kh1 Ne3 21. Bf3 Nxf1
22. Rxf1 Bg7 23. a4 f5 24. axb5 Bxd4 25. Nxd4 Qxd4 26. bxa6 Bxe4 27. a7 Ke7 28.
Qa6 Ra8 29. Kh2 Bxf3 30. Rxf3 Qxa7 31. Qc6 Rhc8 32. Qb5 Rab8 33. Qd3 Qc5 34. c4
d5 35. Re3 dxc4 36. bxc4 Rb2+ 37. Kh3 Qc6 38. Re2 Qh1+ 0-1

[Event "Titled Tue 3rd Jun Early"]
[Site "chess.com INT"]
[Date "2025.06.03"]
[Round "7"]
[White "Ter-Sahakyan, Samvel"]
[Black "Sakun, Volodymyr"]
[Result "1/2-1/2"]
[WhiteTitle "GM"]
[BlackTitle "FM"]
[WhiteElo "2611"]
[BlackElo "2301"]
[WhiteFideId "13302531"]
[BlackFideId "14114062"]
[EventDate "2025.06.03"]

1. d4 d5 2. c4 e6 3. Nc3 Nf6 4. cxd5 exd5 5. Bg5 Be7 6. e3 h6 7. Bh4 c6 8. Bd3
Nbd7 9. Nf3 O-O 10. O-O Ne4 11. Bxe7 Qxe7 12. Nd2 Ndf6 13. Ndxe4 dxe4 14. Be2
Bf5 15. Qb3 Rfd8 16. Rac1 Bg4 17. Bxg4 Nxg4 18. h3 Nf6 19. Ne2 Nd5 20. Rc5 Rd7
21. Rfc1 Rad8 22. Nc3 Kh8 23. Nxd5 Rxd5 24. a4 f5 25. Qa3 Qf6 26. Rxd5 Rxd5 27.
Rc5 f4 28. Rxd5 cxd5 29. Qb3 Qg5 30. exf4 Qxf4 31. Qc3 Kh7 32. b4 a6 33. b5 axb5
34. axb5 Qd6 35. Qc5 Qf4 36. Qc2 h5 37. b6 Qf6 38. Qb3 Qxd4 39. Qb5 e3 40. fxe3
Qxe3+ 41. Kh2 Qf4+ 42. Kh1 Qc1+ 43. Kh2 Qf4+ 44. Kh1 Qc1+ 45. Kh2 Qf4+ 1/2-1/2

[Event "Titled Tue 3rd Jun Early"]
[Site "chess.com INT"]
[Date "2025.06.03"]
[Round "7"]
[White "Kilic, Eray"]
[Black "Sindarov, Islombek"]
[Result "0-1"]
[WhiteTitle "IM"]
[BlackTitle "CM"]
[WhiteElo "2469"]
[BlackElo "2129"]
[WhiteFideId "44517173"]
[BlackFideId "14205475"]
[EventDate "2025.06.03"]

1. e4 g6 2. d4 Bg7 3. Nc3 c5 4. dxc5 Nc6 5. Nf3 Nf6 6. Bd3 O-O 7. O-O Qa5 8. Be3
Ng4 9. Bd2 Qxc5 10. h3 Nge5 11. Nxe5 Nxe5 12. Be3 Qc7 13. Nd5 Qd8 14. Bg5 Re8
15. f4 Nc6 16. f5 Bd4+ 17. Kh1 f6 18. fxg6 hxg6 19. Bc4 Kg7 20. Qd2 fxg5 21. Nb6
Bf6 22. Nxa8 d6 23. Qd5 Ne5 24. Bb5 Bd7 25. Qxb7 Bxb5 26. Nc7 Bd7 27. Nxe8+ Qxe8
28. Qb3 g4 29. Qg3 Qh8 30. Rxf6 exf6 31. h4 g5 32. Rd1 gxh4 33. Qf4 h3 34. g3
Qf8 35. b3 Qe7 36. c4 Ng6 37. Qe3 Bc6 38. Rd4 f5 39. Kh2 Bxe4 40. b4 Ne5 41. c5
Nf3+ 42. Kh1 Nxd4+ 43. Kh2 dxc5 44. bxc5 Nf3+ 45. Kh1 Qe5 46. c6 Qa1+ 0-1

[Event "Titled Tue 3rd Jun Early"]
[Site "chess.com INT"]
[Date "2025.06.03"]
[Round "7"]
[White "Manvelyan, Mikayel"]
[Black "Pribelszky, Bence"]
[Result "0-1"]
[WhiteTitle "FM"]
[BlackTitle "IM"]
[WhiteElo "2362"]
[BlackElo "2400"]
[WhiteFideId "13310143"]
[BlackFideId "769738"]
[EventDate "2025.06.03"]

1. e4 c6 2. d4 d5 3. Nc3 dxe4 4. Nxe4 Nf6 5. Nxf6+ exf6 6. c3 Bd6 7. Bd3 O-O 8.
Qc2 h5 9. Ne2 Re8 10. O-O Qc7 11. h3 h4 12. c4 Nd7 13. c5 Be7 14. Bf4 Qd8 15.
Bc4 Nf8 16. Qb3 Be6 17. Rad1 Qd7 18. d5 Bxd5 19. Bxd5 cxd5 20. Rxd5 Qe6 21. Nd4
Qe4 22. Be3 Rad8 23. Rxd8 Rxd8 24. Nb5 Rd3 25. Nc3 Qc6 26. Qc4 Rxe3 27. fxe3
Bxc5 28. Nd5 Ne6 29. b4 Bd6 30. Rc1 Nd8 31. Nxf6+ Kf8 32. Qf1 Qa4 33. Rc8 Be7
34. Nd5 Bg5 35. Qc4 Qd1+ 36. Kh2 Kg8 37. Qc5 Kh7 38. Qd6 Qe1 39. Rxd8 Bxd8 0-1

[Event "Titled Tue 3rd Jun Early"]
[Site "chess.com INT"]
[Date "2025.06.03"]
[Round "7"]
[White "Kravtsiv, Martyn"]
[Black "Karpenko, Anton"]
[Result "0-1"]
[WhiteTitle "GM"]
[BlackTitle "CM"]
[WhiteElo "2598"]
[BlackElo "2218"]
[WhiteFideId "14113147"]
[BlackFideId "34374353"]
[EventDate "2025.06.03"]

1. g3 Nf6 2. Bg2 g6 3. e3 Bg7 4. Ne2 O-O 5. O-O e5 6. b3 d6 7. Bb2 Re8 8. c4 c6
9. Nbc3 h5 10. d4 e4 11. d5 c5 12. h3 Bf5 13. Kh2 Nbd7 14. Nf4 Ne5 15. a4 a5 16.
Ra2 Qd7 17. Ba1 Kh7 18. Nb5 Kh6 19. Rh1 g5 20. Ne2 Nf3+ 21. Bxf3 exf3 22. Ng1 g4
23. Nxf3 gxf3 24. Qxf3 Kg6 25. Qf4 Ra6 26. f3 Bh6 27. Rg2 Qe7 28. e4 Bxf4 29.
gxf4+ Kh6 30. Rhg1 Bg6 31. f5 Rg8 32. fxg6 Rxg6 33. Bb2 Rxg2+ 34. Rxg2 Ra8 35.
Bc1+ Kh7 36. Rg5 Rg8 37. Rf5 Rg6 38. Bf4 Nxe4 39. Rxh5+ Kg7 40. Nxd6 Nxd6 41.
Be5+ f6 0-1

[Event "Titled Tue 3rd Jun Early"]
[Site "chess.com INT"]
[Date "2025.06.03"]
[Round "7"]
[White "Sahetchian, Armand"]
[Black "Bahmani, Koorosh"]
[Result "1/2-1/2"]
[WhiteTitle "CM"]
[BlackTitle "CM"]
[WhiteElo "2024"]
[BlackElo "2208"]
[WhiteFideId "607150"]
[BlackFideId "42576750"]
[EventDate "2025.06.03"]

1. e4 c6 2. d4 d5 3. Nc3 dxe4 4. Nxe4 Bf5 5. Ng3 Bg6 6. N1e2 Nf6 7. h4 h6 8. Nf4
Bh7 9. c3 Nbd7 10. Bc4 e6 11. O-O Bd6 12. Bxe6 fxe6 13. Nxe6 Qa5 14. Nxg7+ Kf7
15. N7h5 Rhg8 16. Nxf6 Nxf6 17. Qb3+ Qd5 18. Qxb7+ Be7 19. Re1 Rae8 20. Bxh6 Ne4
21. Nxe4 Bxe4 22. Bg5 Kf8 23. Bh6+ Kf7 24. Bg5 Rg7 25. Qb3 Bxg5 26. Qxd5+ cxd5
27. hxg5 Rxg5 28. f3 Bxf3 29. Rxe8 Rxg2+ 30. Kf1 Kxe8 31. Re1+ Kd7 32. Re3 Rxb2
33. Rxf3 Rxa2 34. Rf6 a5 35. Ra6 a4 36. Ke1 a3 37. Kd1 Kc7 38. Kc1 Kb7 39. Ra4
Kb6 40. Kb1 Rb2+ 41. Ka1 Rb3 42. Ka2 Rxc3 43. Rxa3 Rxa3+ 44. Kxa3 Ka5 45. Kb3
Kb5 46. Kc3 Ka4 47. Kc2 Kb4 48. Kb2 Kc4 49. Kc2 Kb4 50. Kb2 Ka4 51. Ka2 Kb4 52.
Kb2 1/2-1/2

[Event "Titled Tue 3rd Jun Early"]
[Site "chess.com INT"]
[Date "2025.06.03"]
[Round "7"]
[White "Philipp, Mathias"]
[Black "Moghaddamian, Afshin"]
[Result "0-1"]
[WhiteTitle "CM"]
[BlackTitle "CM"]
[WhiteElo "2159"]
[BlackElo "2126"]
[WhiteFideId "12958883"]
[BlackFideId "12503886"]
[EventDate "2025.06.03"]

1. e4 c6 2. Nf3 d5 3. d3 Qc7 4. g3 dxe4 5. dxe4 e5 6. Bg2 Nf6 7. Qe2 Bc5 8. O-O
O-O 9. c3 a5 10. a4 b6 11. Rd1 Ba6 12. Qe1 Ng4 13. Rd2 Rd8 14. Rxd8+ Qxd8 15.
Be3 Nxe3 16. fxe3 f6 17. b4 Be7 18. Na3 axb4 19. cxb4 Qd3 20. Nb1 Qb3 21. b5
cxb5 22. axb5 Bb7 23. Rxa8 Bxa8 24. Qc1 Bb7 25. Bf1 Kf8 26. Bc4 Qb4 27. Nbd2 Nd7
28. Kf2 Nc5 29. Qc2 g6 30. Nh4 Kg7 31. Nhf3 Qa3 32. Ne1 Qa1 33. Nd3 Nxe4+ 34.
Nxe4 Bxe4 35. Be6 Qh1 36. Qc7 Qf3+ 37. Kg1 Qg2# 0-1

[Event "Titled Tue 3rd Jun Early"]
[Site "chess.com INT"]
[Date "2025.06.03"]
[Round "7"]
[White "Arya G Mallar"]
[Black "Kazakov, Mikhail"]
[Result "0-1"]
[WhiteTitle "WCM"]
[BlackTitle "GM"]
[WhiteElo "2014"]
[BlackElo "2513"]
[WhiteFideId "25115324"]
[BlackFideId "14102749"]
[EventDate "2025.06.03"]

1. d4 Nf6 2. c4 e6 3. Nf3 b6 4. g3 Bb7 5. Bg2 Be7 6. O-O O-O 7. Re1 Ne4 8. Qc2
f5 9. Nc3 Nxc3 10. Qxc3 Bf6 11. Rd1 d6 12. Qc2 Be4 13. Qb3 Nd7 14. Qb5 a6 15.
Qb3 Qc8 16. c5 Bd5 17. Qa3 bxc5 18. dxc5 Nxc5 19. Be3 Qb7 20. Rab1 Ne4 21. Nd4
Rae8 22. Rbc1 c5 23. Nf3 Bxb2 24. Qa4 Nc3 25. Rxc3 Bxc3 26. Rc1 Bf6 27. Qc2 Rc8
28. Ne1 Bxg2 29. Nxg2 c4 30. Nf4 e5 31. Nh5 Be7 32. Qd2 d5 33. Bg5 Bxg5 34. Qxg5
g6 35. Nf6+ Kg7 36. Nh5+ Kh8 37. h4 gxh5 38. Qxh5 Qg7 39. Qf3 f4 40. Qxd5 fxg3
41. Kg2 gxf2+ 42. Kf1 Qg1# 0-1

[Event "Titled Tue 3rd Jun Early"]
[Site "chess.com INT"]
[Date "2025.06.03"]
[Round "7"]
[White "Gunawardhana, Devindya Oshini"]
[Black "Salonen, Aku"]
[Result "0-1"]
[WhiteTitle "WIM"]
[BlackTitle "FM"]
[WhiteElo "2068"]
[BlackElo "2314"]
[WhiteFideId "29941482"]
[BlackFideId "517577"]
[EventDate "2025.06.03"]

1. Nf3 d5 2. g3 Nf6 3. Bg2 c5 4. c3 e6 5. O-O Nc6 6. d4 Bd6 7. Nbd2 O-O 8. Re1
cxd4 9. cxd4 a5 10. b3 b5 11. Bb2 Ba6 12. Rc1 Qb6 13. e3 Rfc8 14. Ne5 a4 15. Nd3
Nd7 16. Nf3 axb3 17. axb3 b4 18. Nde5 Ndxe5 19. dxe5 Bc5 20. Ng5 Be7 21. Nf3 Na5
22. Nd4 h6 23. Qg4 Nb7 24. e4 Nc5 25. exd5 Nd3 26. dxe6 Nxb2 27. exf7+ Kh8 28.
Bxa8 Rxa8 29. Nf5 Bf8 30. e6 Nd3 31. Re3 Nxc1 32. e7 Qf6 33. e8=Q Rd8 34. Kg2
Bb7+ 35. Kh3 Nd3 36. Qe6 Nxf2# 0-1

[Event "Titled Tue 3rd Jun Early"]
[Site "chess.com INT"]
[Date "2025.06.03"]
[Round "7"]
[White "Moeller, Maurin"]
[Black "Grot, Blazej"]
[Result "1-0"]
[WhiteTitle "FM"]
[BlackTitle "CM"]
[WhiteElo "2291"]
[BlackElo "2217"]
[WhiteFideId "16265696"]
[BlackFideId "21835845"]
[EventDate "2025.06.03"]

1. c4 Nf6 2. g3 e6 3. Bg2 d5 4. Nf3 Bd6 5. O-O O-O 6. b3 Nc6 7. Bb2 Re8 8. d4 a5
9. Nc3 Bb4 10. Rc1 Bxc3 11. Bxc3 Ne4 12. Bb2 Bd7 13. Nd2 Nxd2 14. Qxd2 Ne7 15.
Rfd1 Bc6 16. Ba3 Ng6 17. h4 a4 18. Bc5 axb3 19. axb3 h6 20. Bb4 Ne7 21. Qf4 Ng6
22. Qg4 Ra2 23. Rd2 Rxd2 24. Bxd2 e5 25. cxd5 Bxd5 26. Bxd5 Qxd5 27. h5 Nf8 28.
Bxh6 Ne6 29. Rxc7 Qxd4 30. e4 Qa1+ 31. Kg2 Qd4 32. Bxg7 f5 33. Qxf5 Nxc7 34. Bf6
Ne6 35. Qg6+ Kf8 36. h6 Qd7 37. h7 Qf7 38. h8=Q+ 1-0

[Event "Titled Tue 3rd Jun Early"]
[Site "chess.com INT"]
[Date "2025.06.03"]
[Round "7"]
[White "Anakok, Deniz"]
[Black "Sagalchik, Gennadij"]
[Result "1-0"]
[WhiteTitle "CM"]
[BlackTitle "GM"]
[WhiteElo "2058"]
[BlackElo "2434"]
[WhiteFideId "51603586"]
[BlackFideId "2007916"]
[EventDate "2025.06.03"]

1. e4 c5 2. Nf3 e6 3. d4 cxd4 4. Nxd4 a6 5. c4 Qc7 6. Nc3 Nf6 7. Be3 b6 8. Be2
Bb7 9. f3 Bd6 10. Qd2 O-O 11. O-O-O Bb4 12. a3 Be7 13. g4 d5 14. g5 Ne8 15. h4
dxc4 16. h5 b5 17. g6 Bf6 18. gxh7+ Kh8 19. h6 g6 20. f4 Nc6 21. Rhf1 Rd8 22. e5
Be7 23. Qc2 Nxd4 24. Bxd4 Qa5 25. Rg1 b4 26. axb4 Qxb4 27. f5 exf5 28. e6+ Rxd4
29. Rxd4 Bf6 30. Rxc4 Qb6 31. Rd1 fxe6 32. Rd7 Qe3+ 33. Kb1 Qg1+ 34. Ka2 Bh1 35.
Rd1 1-0

[Event "Titled Tue 3rd Jun Early"]
[Site "chess.com INT"]
[Date "2025.06.03"]
[Round "7"]
[White "Suarez, Pedro"]
[Black "Arslanov, Shamil"]
[Result "0-1"]
[WhiteTitle "CM"]
[BlackTitle "IM"]
[WhiteElo "2066"]
[BlackElo "2410"]
[WhiteFideId "3007642"]
[BlackFideId "4192826"]
[EventDate "2025.06.03"]

1. d4 e5 2. dxe5 d6 3. exd6 Bxd6 4. Nf3 Nc6 5. g3 Bg4 6. Bg2 Qe7 7. Nc3 O-O-O 8.
Bd2 h5 9. h3 Bxf3 10. Bxf3 h4 11. g4 Ne5 12. Bg2 Nc4 13. Qc1 Nf6 14. Bg5 Qe5 15.
Bxf6 gxf6 16. Ne4 f5 17. Nxd6+ Rxd6 18. b3 Qc3+ 19. Kf1 Nd2+ 20. Kg1 fxg4 21.
hxg4 h3 22. e3 hxg2 23. Rxh8+ Qxh8 24. Kxg2 Qh4 25. f3 Nxf3 26. Kxf3 Rf6+ 27.
Ke2 Qxg4+ 28. Kd2 Qb4+ 29. c3 Rf2+ 30. Kd3 Qd6+ 31. Kc4 a6 32. b4 b5+ 33. Kb3
Qd5+ 34. Ka3 a5 35. Qd1 Rxa2+ 0-1

[Event "Titled Tue 3rd Jun Early"]
[Site "chess.com INT"]
[Date "2025.06.03"]
[Round "7"]
[White "Jakubowski, Krzysztof"]
[Black "Gutierrez Olivares, Daniel"]
[Result "0-1"]
[WhiteTitle "GM"]
[BlackTitle "FM"]
[WhiteElo "2448"]
[BlackElo "2354"]
[WhiteFideId "1112848"]
[BlackFideId "2264005"]
[EventDate "2025.06.03"]

1. e4 e6 2. d4 d5 3. Nc3 Bb4 4. e5 Ne7 5. a3 Ba5 6. Qg4 Nf5 7. Bd3 h5 8. Qf4 Nc6
9. Nf3 Bb6 10. Bxf5 exf5 11. h4 Be6 12. O-O Ne7 13. b4 Ng6 14. Qg3 Qd7 15. Ne2
O-O-O 16. Nf4 Nxf4 17. Bxf4 Rdg8 18. a4 a5 19. Rfb1 f6 20. Rb3 axb4 21. a5 Ba7
22. Rxb4 g5 23. hxg5 h4 24. Qh2 fxg5 25. Bxg5 c5 26. Rb2 h3 27. gxh3 f4 28. h4
Bg4 29. Qxf4 Bxf3 30. Rab1 Be4 31. Rxb7 Qxb7 32. Rxb7 Kxb7 33. Qf7+ Ka6 34. Qe6+
Kxa5 35. Kf1 cxd4 36. Bd2+ Kb5 37. Qd7+ Kb6 38. Qd6+ Kb7 39. e6 Rd8 40. Qb4+ Ka8
41. e7 Rd7 42. Bg5 Re8 43. Qc5 Bxc5 0-1

[Event "Titled Tue 3rd Jun Early"]
[Site "chess.com INT"]
[Date "2025.06.03"]
[Round "7"]
[White "Ndirangu, Nyaruai, Joyce"]
[Black "Harshal, Shahi"]
[Result "0-1"]
[WhiteTitle "WCM"]
[BlackTitle "FM"]
[WhiteElo "1933"]
[BlackElo "2143"]
[WhiteFideId "10802886"]
[BlackFideId "5048257"]
[EventDate "2025.06.03"]

1. d4 d5 2. Nf3 g6 3. Bf4 Bg7 4. e3 Nf6 5. h3 O-O 6. c4 c5 7. Nc3 Nc6 8. dxc5
Qa5 9. a3 Ne4 10. Rc1 Nxc3 11. bxc3 Bxc3+ 12. Ke2 dxc4 13. Qc2 Bg7 14. Qxc4 Qxa3
15. Nd2 b6 16. Kf3 e5 17. cxb6 Bb7 18. Nb1 Na5+ 19. Kg3 Nxc4 20. Nxa3 exf4+ 21.
exf4 Nxa3 22. Rc7 Bd5 23. bxa7 Rfc8 24. Rd7 Be6 25. Rd3 Nc4 26. Be2 Rxa7 27. Rc1
Rac7 28. Rb3 Bf8 29. Bxc4 Rxc4 30. Rxc4 Rxc4 31. Rb7 Bd6 0-1

[Event "Titled Tue 3rd Jun Early"]
[Site "chess.com INT"]
[Date "2025.06.03"]
[Round "7"]
[White "Paravyan, David"]
[Black "Harshavardhan, G B"]
[Result "1-0"]
[WhiteTitle "GM"]
[BlackTitle "IM"]
[WhiteElo "2596"]
[BlackElo "2441"]
[WhiteFideId "4194985"]
[BlackFideId "25059009"]
[EventDate "2025.06.03"]

1. d4 Nf6 2. c4 e6 3. Nc3 Bb4 4. f3 d5 5. a3 Be7 6. e4 dxe4 7. fxe4 c5 8. e5
Nfd7 9. dxc5 Nxe5 10. Qxd8+ Bxd8 11. Bf4 Nbd7 12. Ne4 f5 13. Nd6+ Ke7 14. O-O-O
Nf7 15. b4 a5 16. Nf3 axb4 17. axb4 Bc7 18. Nxf5+ exf5 19. Bxc7 Ra1+ 20. Kc2
Rxd1 21. Kxd1 Nf6 22. Bd3 Be6 23. Re1 Ne4 24. Nd4 Kd7 25. Nxe6 Kxe6 26. Bxe4
fxe4 27. Rxe4+ Kd7 28. Bd6 Nxd6 29. Rd4 Ra8 30. Rxd6+ Kc7 31. b5 Ra4 32. b6+ Kc8
33. c6 bxc6 34. c5 Kb7 35. Rd7+ Kb8 36. Rxg7 Rd4+ 37. Ke2 Rd5 38. Rxh7 Rxc5 39.
g4 Rb5 40. h4 c5 41. g5 c4 42. Kd2 Rxb6 43. h5 Kc8 44. g6 Rb2+ 45. Kc3 Rg2 46.
g7 Kd8 47. Rh8+ Ke7 48. g8=Q Rxg8 49. Rxg8 Kf6 50. Rg6+ Ke5 51. Kxc4 Ke4 52. Kc5
Kf5 53. Kc6 Kf4 54. Kd7 Kf5 55. Ke7 Kf4 56. Kf7 Kf5 57. h6 Kf4 58. h7 Kf5 59.
h8=Q Ke4 60. Qf6 Kd5 61. Rg4 Kc5 62. Qe5+ Kc6 63. Rc4+ Kd7 64. Rc7+ Kd8 65. Qd6# 1-0

[Event "Titled Tue 3rd Jun Early"]
[Site "chess.com INT"]
[Date "2025.06.03"]
[Round "7"]
[White "Garcia Correa, Jose Ricardo"]
[Black "Dovgaliuk, Oleksandr"]
[Result "0-1"]
[WhiteTitle "FM"]
[WhiteElo "2103"]
[BlackElo "2240"]
[WhiteFideId "5101832"]
[BlackFideId "14167247"]
[EventDate "2025.06.03"]

1. e4 c5 2. Nf3 d6 3. d4 cxd4 4. Nxd4 Nf6 5. Nc3 a6 6. f4 g6 7. Be2 Bg7 8. g4 e5
9. Nb3 Nxg4 10. h4 h5 11. fxe5 Bxe5 12. Qd3 Nc6 13. a3 Bf6 14. Qg3 Nd4 15. Nxd4
Bxd4 16. Rf1 Bf6 17. Rh1 Be6 18. Bf4 Rc8 19. Bxd6 Qb6 20. O-O-O Qf2 21. Qd3 Bxh4
22. Rdf1 Bg5+ 23. Kb1 Qe3 24. Bxg4 Qxd3 25. cxd3 Bxg4 26. Nd5 Be2 27. Nf6+ Kd8
28. e5 Bxd3+ 29. Ka2 Bxf1 30. Rxf1 Bxf6 31. Rxf6 Ke8 32. Kb3 h4 33. e6 fxe6 34.
Rxe6+ Kd7 35. Rxg6 Rc6 36. Be5 Rxg6 37. Bxh8 h3 38. Be5 Rg2 39. Kc3 h2 40. Bxh2
Rxh2 41. b4 Kc6 42. a4 Rh3+ 43. Kc4 Rh4+ 44. Kb3 b5 45. axb5+ axb5 46. Kc3 Kd5
47. Kd3 Rxb4 0-1

[Event "Titled Tue 3rd Jun Early"]
[Site "chess.com INT"]
[Date "2025.06.03"]
[Round "7"]
[White "So, Wesley"]
[Black "Donchenko, Alexander"]
[Result "1-0"]
[WhiteTitle "GM"]
[BlackTitle "GM"]
[WhiteElo "2751"]
[BlackElo "2615"]
[WhiteFideId "5202213"]
[BlackFideId "24603295"]
[EventDate "2025.06.03"]

1. e4 c5 2. Nf3 d6 3. d4 cxd4 4. Qxd4 Nf6 5. Bc4 e6 6. O-O Be7 7. Rd1 Qc7 8. Bb3
O-O 9. Na3 Nc6 10. Nb5 Qb8 11. Qd3 Rd8 12. Bf4 Ne8 13. Bg5 Bxg5 14. Nxg5 h6 15.
Nf3 a6 16. Nbd4 Bd7 17. Nxc6 Bxc6 18. Nd4 Qc7 19. Bxe6 fxe6 20. Nxe6 Qe7 21.
Nxd8 Rxd8 22. f3 Nf6 23. Qd4 Kh8 24. Rd2 Ne8 25. Rad1 Rc8 26. c4 b5 27. Rc2 Bd7
28. c5 Qg5 29. b4 Be6 30. Qd2 Kg8 31. Qxg5 hxg5 32. Rdc1 d5 33. exd5 Bxd5 34.
Rd2 Be6 35. Re1 Kf7 36. Rde2 Rc6 37. a3 Nc7 38. Rd2 Kf6 39. Red1 Ne8 40. Rd8 Ke7
41. Ra8 Bb3 42. Re1+ Be6 43. Kf2 Nf6 44. Ra7+ Kf8 45. h3 Nd5 46. Re5 Nc3 47.
Rxg5 Nb1 48. Rgxg7 Nxa3 49. Rh7 Kg8 50. Rhb7 Rc8 51. Rxa6 Bd5 52. Rd7 Bc6 53.
Rd6 1-0

[Event "Titled Tue 3rd Jun Early"]
[Site "chess.com INT"]
[Date "2025.06.03"]
[Round "7"]
[White "Jovic, Stanoje"]
[Black "Jaskolka, Tomasz"]
[Result "0-1"]
[WhiteTitle "FM"]
[BlackTitle "CM"]
[WhiteElo "2096"]
[BlackElo "2200"]
[WhiteFideId "905020"]
[BlackFideId "1170791"]
[EventDate "2025.06.03"]

1. c4 g6 2. g3 Bg7 3. Bg2 c6 4. Nc3 Nf6 5. Nf3 d5 6. cxd5 cxd5 7. d4 O-O 8. O-O
Nc6 9. Ne5 Nd7 10. f4 Ndxe5 11. fxe5 Be6 12. Be3 f6 13. exf6 Bxf6 14. Qd2 Rc8
15. Rac1 Bf7 16. Na4 b6 17. Bh3 Rc7 18. Nc3 Na5 19. b3 Bg7 20. Nb5 Rxc1 21. Rxc1
e5 22. Bg5 Bf6 23. Bxf6 Qxf6 24. Rf1 Qe7 25. Qe3 Nc6 26. dxe5 Nxe5 27. Nd4 Re8
28. Be6 Bxe6 29. Qxe5 Bf7 30. Qxe7 Rxe7 31. Rc1 Re4 32. Rd1 Kf8 33. Kf2 Ke7 34.
e3 Kd7 35. Rc1 g5 36. Nc6 Bh5 37. Nxa7 d4 38. exd4 Re2+ 39. Kg1 Bf3 40. h3 Rg2+
41. Kf1 Rxa2 42. Nb5 Be2+ 43. Kg1 Bxb5 44. Re1 Bc6 45. Re3 h6 46. h4 Kd6 47.
hxg5 hxg5 48. Kf1 Rd2 49. Re5 g4 0-1

[Event "Titled Tue 3rd Jun Early"]
[Site "chess.com INT"]
[Date "2025.06.03"]
[Round "7"]
[White "Sydykov, Bayastan"]
[Black "Hobaica, Juan Pablo"]
[Result "1-0"]
[WhiteTitle "FM"]
[BlackTitle "IM"]
[WhiteElo "2301"]
[BlackElo "2412"]
[WhiteFideId "13829610"]
[BlackFideId "104159"]
[EventDate "2025.06.03"]

1. d4 Nf6 2. c4 e6 3. Nc3 Bb4 4. Qc2 O-O 5. e3 b6 6. Nf3 Bb7 7. Bd3 d5 8. O-O c5
9. a3 Ba5 10. Na2 dxc4 11. Bxc4 Bxf3 12. gxf3 Nc6 13. Bb5 Rc8 14. Bxc6 Rxc6 15.
b4 Qd5 16. bxa5 Qxf3 17. Qd1 Qh3 18. f3 cxd4 19. Nb4 Rc5 20. exd4 Rh5 21. Rf2
bxa5 22. Nd3 Nd5 23. Nf4 Rg5+ 24. Kh1 Nxf4 25. Bxf4 Rf5 26. Bg3 Rd8 27. Rb1 Rfd5
28. Rb8 Rxb8 29. Bxb8 Rb5 30. Bg3 Qf5 31. Qc2 Qxc2 32. Rxc2 f6 33. Rc8+ Kf7 34.
Rc7+ Kg6 35. Rxa7 Rd5 36. Kg2 Rxd4 37. Rxa5 e5 38. Bf2 Rd2 39. Ra7 Ra2 40. a4 h5
41. a5 Kf5 42. a6 g5 43. h3 g4 44. hxg4+ hxg4 45. fxg4+ Kf4 46. g5 e4 47. Kg1
Kxg5 48. Be3+ Kg4 49. Ra8 Kf3 50. Bb6 f5 51. a7 f4 52. Re8 Ra1+ 53. Kh2 Ra2+ 54.
Kh3 e3 55. a8=Q+ Rxa8 56. Rxa8 Ke2 57. Ra2+ Kd3 58. Kg2 e2 59. Kf2 1-0

[Event "Titled Tue 3rd Jun Early"]
[Site "chess.com INT"]
[Date "2025.06.03"]
[Round "7"]
[White "Parfenov, Viktor N."]
[Black "Ochedzan, Filip"]
[Result "0-1"]
[WhiteTitle "CM"]
[BlackTitle "CM"]
[WhiteElo "2193"]
[BlackElo "2130"]
[WhiteFideId "4165969"]
[BlackFideId "21892610"]
[EventDate "2025.06.03"]

1. e4 g6 2. d4 Bg7 3. Nc3 d5 4. exd5 Nf6 5. Bc4 Nbd7 6. Bb3 Nb6 7. Qf3 O-O 8. h3
a5 9. a4 Bd7 10. Nge2 c6 11. Nf4 cxd5 12. Ncxd5 Nfxd5 13. Nxd5 Bc6 14. c4 e6 15.
O-O exd5 16. c5 Nc4 17. Qc3 Qd7 18. Bc2 b6 19. b3 bxc5 20. bxc4 Bxd4 21. Qa3
dxc4 22. Bh6 Rfe8 23. Rae1 Qd5 24. Qg3 Qh5 25. Bd2 Re2 26. Bd1 Bxf2+ 27. Rxf2
Rxe1+ 28. Bxe1 Qxd1 29. Rf1 Re8 30. Bf2 Qd3 31. Qg5 c3 32. Qxc5 Qe4 33. Qg5 c2
34. Rc1 Re5 35. Qg3 Rd5 36. Qb8+ Kg7 37. Qb2+ Kh6 38. Qc3 Rd1+ 39. Kh2 Qxg2# 0-1

[Event "Titled Tue 3rd Jun Early"]
[Site "chess.com INT"]
[Date "2025.06.03"]
[Round "7"]
[White "Silva, Luca"]
[Black "Injac, Teodora"]
[Result "1/2-1/2"]
[WhiteTitle "FM"]
[BlackTitle "IM"]
[WhiteElo "2227"]
[BlackElo "2474"]
[WhiteFideId "147370"]
[BlackFideId "932400"]
[EventDate "2025.06.03"]

1. e4 e5 2. Nf3 Nc6 3. d4 exd4 4. Nxd4 Bc5 5. Nb3 Bb6 6. Qe2 d6 7. Nc3 a5 8. a4
Nb4 9. Bf4 Qf6 10. g3 g5 11. e5 Qe7 12. Be3 Bxe3 13. fxe3 Qxe5 14. O-O-O Nf6 15.
Bg2 Bg4 16. Bf3 Bxf3 17. Qxf3 O-O-O 18. Rhf1 Nd7 19. Nd5 Rhe8 20. Nxb4 axb4 21.
Kb1 f6 22. Rd5 Qxe3 23. Qf5 Re5 24. Rxe5 dxe5 25. Qxh7 Nc5 26. Nxc5 Qxc5 27.
Qf5+ Kb8 28. Qxf6 Rd2 29. Qf8+ Qxf8 30. Rxf8+ Ka7 31. h4 gxh4 32. gxh4 Rh2 33.
Re8 Rxh4 34. Rxe5 b6 35. Ka2 Rh3 36. Rb5 c5 37. a5 bxa5 38. Rxc5 Ka6 39. Rc8 Rg3
40. Rc4 Rh3 41. Rc8 Rg3 42. Rc4 Kb5 43. Rc8 a4 44. Rb8+ Ka5 45. Ra8+ Kb5 46.
Rb8+ Ka5 47. Ra8+ Kb5 48. Rb8+ 1/2-1/2